Library Banner

کویت سے کربلا تک (Record no. 81234)

MARC details
000 -LEADER
fixed length control field 00484nam a22001457a 4500
005 - DATE AND TIME OF LATEST TRANSACTION
control field 20160106151214.0
008 - FIXED-LENGTH DATA ELEMENTS--GENERAL INFORMATION
fixed length control field 160106b xxu||||| |||| 00| 0 eng d
040 ## - CATALOGING SOURCE
Transcribing agency PK-LaUMT
082 ## - DEWEY DECIMAL CLASSIFICATION NUMBER
Classification number MMC 891.4393
Item number KHA-K
100 ## - MAIN ENTRY--PERSONAL NAME
Personal name خلیل ملک
245 ## - TITLE STATEMENT
Title کویت سے کربلا تک
Remainder of title کویت پر عراقی حملے اور قبضے کا آنکھوں دیکھا حال
Statement of responsibility, etc خلیل ملک
260 ## - PUBLICATION, DISTRIBUTION, ETC. (IMPRINT)
Place of publication, distribution, etc لاہور
Name of publisher, distributor, etc پاکستان پبلشرز
Date of publication, distribution, etc 1990
300 ## - PHYSICAL DESCRIPTION
Extent 200 ص
942 ## - ADDED ENTRY ELEMENTS (KOHA)
Koha item type Books
Holdings
Withdrawn status Lost status Damaged status Home library Current library Date acquired Full call number Barcode Date last seen Price effective from Koha item type
      UMT Main Campus UMT Main Campus 2016-01-06 MMC 891.4393 KHA-K 95786 2016-01-06 2016-01-06 Books